| 000 | 01140cam a2200301 a 4500 | ||
|---|---|---|---|
| 999 |
_c4189 _d4189 |
||
| 001 | 15401358 | ||
| 003 | GZU | ||
| 005 | 20210315085107.0 | ||
| 008 | 080806s2009 maua b 001 0 eng | ||
| 010 | _a 2008034959 | ||
| 020 | _a0073385689 (acidfree paper) | ||
| 040 |
_aDLC _cDLC |
||
| 050 | 0 | 0 |
_aPE1439 _b.BRA 2009 |
| 082 | 0 | 0 |
_a808/.042 _222 |
| 100 | 1 | _aBrannan, Bob. | |
| 245 | 1 | 2 |
_aA writer's workshop : _bcrafting paragraphs, building essays / _cBob Brannan. |
| 250 | _a3rd ed. | ||
| 260 |
_aBoston : _bMcGraw-Hill Higher Education, _c2009. |
||
| 300 |
_a1 v. (various pagings) : _bill. (some col.) ; _c27 cm. |
||
| 504 | _aIncludes bibliographical references and index. | ||
| 650 | 0 |
_aEnglish language _xParagraphs _vProblems, exercises, etc. |
|
| 650 | 0 |
_aEnglish language _xRhetoric _vProblems, exercises, etc. |
|
| 650 | 0 |
_aEnglish language _xGrammar _vProblems, exercises, etc. |
|
| 650 | 0 |
_aReport writing _vProblems, exercises, etc. |
|
| 906 |
_a7 _bcbc _corignew _d1 _eecip _f20 _gy-gencatlg |
||
| 942 |
_2lcc _cBK _e3rd ed. _h439 _iBRA _kPE |
||